000
00260nam a2200121Ia 4500
100
_a
#N/A
650
_a
Computer/ IT
942
_c
BK
654
_a
archives
245
_a
Archive - 21issues of fast Track - 23 issues Slax
260
_b
#N/A
546
_a
ENGLISH
999
_c
22776
_d
22776